Es-tu un vrai fan de Gossip Girl - Statistiques

Statistiques générales
  • Ce quiz a été pris 2 872 fois
  • Le résultat moyen est 14 sur 25
Statistiques - réponses
Hint Réponse % Correct
Qui est le garçon solitaire ? Dan
99%
De qui Dan est-il follement amoureux ? Serena
99%
Combien Blair a de frère / sœur ? 0
98%
Avec qui Blair est en couple au début de la série ? Nate
98%
Combien Lily a d'enfants ? 3
96%
Comment s'appelle la mère de Serena et Éric ? Lily
96%
Dans quelle ville se déroule la série ? New York
95%
La meilleure amie du garçon solitaire ? Vanessa
95%
Quel personnage fait partie d'un groupe de rock ? Rufus
89%
Qui est l'ancienne meilleure amie de Serena ? Georgina
79%
Qui est Jack ? L'oncle de chuck
77%
Qui va se fait exiler de la ville ? Jenny
76%
Dans quelle université Blair rêve d'aller ? Yale
73%
Qui est Milo ? Le fils de Georgina
53%
Comment s'appelle le fils de Blair et Chuck ? Henry
34%
Comment Bart Bass est mort ? Chute d'un immeuble
32%
Dans quelle ville vit le père de Blair ? Lyon
28%
Dans quel musée Blair a t-elle rencontrée le prince Louis ? Musée d'Orsay
21%
Comment s'appelle le fils de Lily et Rufus ? Scott
20%
Comment s'appelle le magazine où Blair et Dan ont été stagiaires ? W Magazine
18%
Nombre total d'épisodes 121
13%
Avec quelle professeure Dan couche t-il ? Rachel Carr
9%
Dans quelle ville Chuck se prend une balle ? Pragues
7%
D'où vient la bague que Chuck a acheté pour Blair ? Harry Winston
6%
Comment s'appelle le père de Vanessa ? Arlo
3%
Aucun quiz correspondant
Distribution des résultats
% des personnes avec chaque résultat
Percentile par nombre de réponses
Votre historique - résultats
Vous n’avez pas pris ce quiz